Normal view
MARC view
- Sahi, Muhammad Umer
Entry Personal Name
001 - CONTROL NUMBER
- control field: 130973
003 - CONTROL NUMBER IDENTIFIER
- control field: NUST
005 - DATE AND TIME OF LATEST TRANSACTION
- control field: 20251008101317.0
008 - FIXED-LENGTH DATA ELEMENTS
- fixed length control field: 251008|| aca||aabn | a|a d
040 ## - CATALOGING SOURCE
- Original cataloging agency: NUST
- Transcribing agency: NUST
100 ## - HEADING--PERSONAL NAME
- Personal name: Sahi, Muhammad Umer
670 ## - SOURCE DATA FOUND
- Source citation: Work cat.: (NUST): Sahi, Muhammad Umer , INTERNATIONAL BUSINESS TRIP ALINBAŞ UNIVERSITY AND TURKISH AEROSPACE INDUSTRIES, TÜRKIYE/
